| 000 | 01752nam a2200481 i 4500 | ||
|---|---|---|---|
| 001 | 17640 | ||
| 003 | KOSZ 005 | ||
| 005 | 20191125091019.0 | ||
| 008 | 191125s1978 pl a f |001 0 pol | ||
| 015 | _aPB 1978/4792 | ||
| 035 | _a991018851589705066 | ||
| 035 | _a(PL-WaBN)b15109094-48omnis_nlop | ||
| 035 | _ab15109094 | ||
| 035 | _a(OCoLC)830322555 | ||
| 035 | _a(PL)b0000001510909 | ||
| 035 | _a(EXLNZ-48OMNIS_NETWORK)9910420769005606 | ||
| 040 |
_aWA N _cWA N _dKOSZ 005/RW |
||
| 046 | _k1978 | ||
| 080 | _a621.039.5/.6 | ||
| 080 | _a621.311 | ||
| 100 | 1 |
_aKiełkiewicz, Marian Stanisław _eAutor |
|
| 245 | 1 | 0 |
_aJądrowe reaktory energetyczne / _cMarian S. Kiełkiewicz. |
| 260 |
_aWarszawa : _bWydawnictwa Naukowo-Techniczne, _c1978. |
||
| 300 |
_a385, [1] stron : _bilustracje, tablice, wykresy ; _c25 cm. |
||
| 336 |
_aTekst _btxt _2rdacontent |
||
| 337 |
_aBez urządzenia pośredniczącego _bn _2rdamedia |
||
| 338 |
_aWolumin _bnc _2rdacarrier |
||
| 380 | _aKsiążki | ||
| 380 | _aPublikacje fachowe | ||
| 380 | _aPublikacje dydaktyczne | ||
| 388 | _a1901-2000 | ||
| 504 | _aBibliografia przy rozdziałach. Indeks. | ||
| 521 | 8 | _aKsiążka przeznaczona jest dla inżynierów energetyków oraz może być pomocą dla studentów wydziałów energetycznych wyższych uczelni technicznych. | |
| 650 | 7 |
_aElektrownie jądrowe _2DBN |
|
| 650 | 7 |
_aReaktory jądrowe _2DBN |
|
| 655 | 7 | _aPodręcznik | |
| 658 | _aFizyka i astronomia | ||
| 658 | _aInżynieria i technika | ||
| 710 | 2 |
_aWydawnictwa Naukowo-Techniczne _4pbl |
|
| 856 |
_uhttp://koha.tu.koszalin.pl/cgi-bin/koha/opac-detail.pl?biblionumber=17640 _yKatalog online BPK |
||
| 942 |
_2UKD _cKS |
||
| 999 |
_c17640 _d17640 |
||